[Event "SUI-ch 123rd"]
[Site "Flims"]
[Date "2024.07.20"]
[Round "8"]
[White "Kurmann, Oliver"]
[Black "Georgiadis, Ioannis"]
[Result "1-0"]
[WhiteElo "2436"]
[BlackElo "2486"]
[PlyCount "81"]
[EventDate "2024.07.13"]
[EventType "tourn"]
[EventRounds "9"]
[EventCountry "SUI"]
[EventCategory "8"]
[SourceTitle "CBM 221 Extra"]
[Source "ChessBase"]
[SourceDate "2024.09.30"]
[SourceVersion "1"]
[SourceVersionDate "2024.09.30"]
[SourceQuality "1"]

1. e4 e5 2. Nf3 Nc6 3. Bc4 Nf6 4. d3 Bc5 5. Nc3 a6 6. Nd5 h6 7. Be3 d6 8. a3 Be6 9. c3 Bxe3 10. fxe3 0-0 11. 0-0 Bxd5 12. exd5 Ne7 13. e4 Ng6 14. Kh1 Qd7 15. Qd2 Nh5 16. Bb3 f5 17. exf5 Qxf5 18. g3 Qg4 19. Qg2 Ne7 20. Nxe5 Qg5 21. Nf3 Qg6 22. Qe2 Rae8 23. Nh4 Qg5 24. Qe6+ Kh7 25. Nf3 Qg6 26. Qxg6+ Nxg6 27. Nd4 Kg8 28. Ne6 Rxf1+ 29. Rxf1 Nf6 30. Kg2 Re7 31. d4 Rd7 32. h3 Ne7 33. Nf4 g5 34. Ne6 Nexd5 35. Nxc7 Rxc7 36. Rxf6 Kg7 37. Rxd6 Ne3+ 38. Kf3 Nf1 39. Bd5 Re7 40. Be6 Nd2+ 41. Kg4 1-0

[Event "SUI-ch 123rd"]
[Site "Flims"]
[Date "2024.07.19"]
[Round "7"]
[White "Georgiadis, Ioannis"]
[Black "Wyss, Jonas"]
[Result "1-0"]
[WhiteElo "2486"]
[BlackElo "2289"]
[PlyCount "71"]
[EventDate "2024.07.13"]
[EventType "tourn"]
[EventRounds "9"]
[EventCountry "SUI"]
[EventCategory "8"]
[SourceTitle "CBM 221 Extra"]
[Source "ChessBase"]
[SourceDate "2024.09.30"]
[SourceVersion "1"]
[SourceVersionDate "2024.09.30"]
[SourceQuality "1"]

1. Nf3 Nf6 2. c4 g6 3. Nc3 d5 4. cxd5 Nxd5 5. h4 Bg7 6. e4 Nxc3 7. dxc3 Qxd1+ 8. Kxd1 Nd7 9. h5 Nf6 10. h6 Bf8 11. Bd3 Bg4 12. Kc2 Bxf3 13. gxf3 e5 14. Be3 Nh5 15. Rxh5 gxh5 16. Rh1 Bd6 17. Rxh5 Ke7 18. Rh1 Rhg8 19. Bf1 f5 20. exf5 Kf6 21. Bd3 c5 22. Be4 Rab8 23. Rd1 Rgd8 24. a4 Be7 25. Rg1 Rg8 26. Rg4 b6 27. Bd5 Rxg4 28. fxg4 e4 29. Bf4 Bd6 30. Bxd6 Rd8 31. Bxe4 Rxd6 32. f4 Rd8 33. g5+ Kf7 34. Bd3 Re8 35. Bc4+ Kf8 36. g6 1-0

[Event "SUI-ch 123rd"]
[Site "Flims"]
[Date "2024.07.13"]
[Round "1"]
[White "Georgiadis, Ioannis"]
[Black "Klauser, Markus"]
[Result "1/2-1/2"]
[WhiteElo "2486"]
[BlackElo "2355"]
[PlyCount "164"]
[EventDate "2024.07.13"]
[EventType "tourn"]
[EventRounds "9"]
[EventCountry "SUI"]
[EventCategory "8"]
[SourceTitle "CBM 221 Extra"]
[Source "ChessBase"]
[SourceDate "2024.09.30"]
[SourceVersion "1"]
[SourceVersionDate "2024.09.30"]
[SourceQuality "1"]

1. c4 e5 2. Nc3 Nf6 3. Nf3 Nc6 4. g3 Nd4 5. Bg2 Nxf3+ 6. Bxf3 Bb4 7. Qb3 a5 8. 0-0 0-0 9. d3 h6 10. Na4 Be7 11. d4 e4 12. Bg2 Re8 13. Nc3 Bb4 14. Bf4 Bxc3 15. Qxc3 d5 16. c5 c6 17. h3 Bf5 18. g4 Bh7 19. a4 Nd7 20. Qg3 Nf8 21. Bc7 Qd7 22. Rfd1 Re6 23. Bb6 f5 24. Qc7 Qe8 25. Ra3 Re7 26. Qg3 Ne6 27. gxf5 Bxf5 28. Qd6 Rf7 29. Rg3 Rf6 30. Qe5 Qf7 31. Kh2 Re8 32. Rg1 Bh7 33. Bxa5 Nf4 34. Qc7 Qxc7 35. Bxc7 Nxe2 36. Be5 Rf7 37. Re3 Nxg1 38. Kxg1 Bf5 39. Rb3 g5 40. Bf1 Bc8 41. Be2 Ref8 42. Bd6 Rxf2 43. Bxf8 Rxe2 44. Bxh6 Rd2 45. Bxg5 Rxd4 46. a5 Ra4 47. a6 Rxa6 48. Ra3 Rxa3 49. bxa3 Kf7 50. Be3 Bxh3 51. Kf2 Bc8 52. Bd4 Ke6 53. Ke3 b6 54. Kd2 bxc5 55. Bxc5 Ke5 56. Kc3 Ba6 57. Ba7 Kf4 58. Kd2 e3+ 59. Bxe3+ Ke4 60. Bc5 d4 61. a4 Kd5 62. Ba3 c5 63. Kc2 c4 64. Bb2 Bc8 65. Kd2 Ke4 66. Ba1 Bd7 67. a5 Kd5 68. Bb2 Bc8 69. Ba1 Kc5 70. Bb2 Ba6 71. Ba3+ Kb5 72. Bb2 Kc5 73. Ba3+ Kc6 74. Bb2 Kd5 75. Ba1 Bb5 76. Bb2 Ke4 77. Ba1 Ke5 78. Bb2 Kd5 79. Ba1 Kc5 80. Bb2 Ba6 81. Ba3+ Kb5 82. Bb2 Kc5 1/2-1/2

[Event "Oberliga Baden 2324"]
[Site "Germany"]
[Date "2024.03.17"]
[Round "8.1"]
[White "Rosner, Jonas"]
[Black "Georgiadis, Ioannis"]
[Result "1/2-1/2"]
[WhiteElo "2433"]
[BlackElo "2481"]
[PlyCount "59"]
[EventDate "2023.09.17"]
[EventType "team-tourn"]
[EventRounds "9"]
[EventCountry "GER"]
[SourceTitle "EXT 2025"]
[Source "ChessBase"]
[SourceDate "2024.10.14"]
[SourceVersion "1"]
[SourceVersionDate "2024.10.14"]
[SourceQuality "1"]
[WhiteTeam "Ettlingen"]
[BlackTeam "Brombach"]
[WhiteTeamCountry "GER"]
[BlackTeamCountry "GER"]

1. Nf3 Nf6 2. c4 g6 3. d4 Bg7 4. g3 0-0 5. Bg2 d6 6. Nc3 Nc6 7. 0-0 e5 8. dxe5 dxe5 9. Bg5 h6 10. Qxd8 Rxd8 11. Bxf6 Bxf6 12. Nd5 Kg7 13. Nxc7 Rb8 14. e4 g5 15. Rfd1 g4 16. Nd2 a5 17. Nb3 b6 18. Rxd8 Bxd8 19. Nd5 a4 20. Nd2 Be6 21. f4 gxf3 22. Nxf3 Rc8 23. Bf1 Bg4 24. Kg2 b5 25. Ne3 Bxf3+ 26. Kxf3 Nd4+ 27. Kf2 Bb6 28. Kg2 b4 29. Bd3 Bc5 30. Rf1 1/2-1/2

[Event "Oberliga Baden 2324"]
[Site "Germany"]
[Date "2024.02.25"]
[Round "7.1"]
[White "Georgiadis, Ioannis"]
[Black "Baramidze, David"]
[Result "1/2-1/2"]
[WhiteElo "2481"]
[BlackElo "2606"]
[PlyCount "114"]
[EventDate "2023.09.17"]
[EventType "team-tourn"]
[EventRounds "9"]
[EventCountry "GER"]
[SourceTitle "EXT 2025"]
[Source "ChessBase"]
[SourceDate "2024.10.14"]
[SourceVersion "1"]
[SourceVersionDate "2024.10.14"]
[SourceQuality "1"]
[WhiteTeam "Brombach"]
[BlackTeam "Hockenheim"]
[WhiteTeamCountry "GER"]
[BlackTeamCountry "GER"]

1. c4 e6 2. Nf3 d5 3. g3 Nf6 4. Bg2 Be7 5. 0-0 0-0 6. d4 dxc4 7. Qc2 a6 8. a4 Bd7 9. Qxc4 Bc6 10. Bg5 b5 11. Qc1 Qc8 12. Nbd2 bxa4 13. Ne5 Bxg2 14. Kxg2 h6 15. Bxf6 Bxf6 16. Ndf3 Bxe5 17. Nxe5 Nd7 18. Nc6 Qb7 19. Kg1 Qb5 20. Qc2 Nb6 21. Rfc1 Rfe8 22. e3 a5 23. Qd2 Nd7 24. Qc2 Nb6 25. Qd2 Nd7 26. Rc3 e5 27. Qc2 Ra6 28. Rxa4 Nb6 29. Ra1 Nd5 30. Rc5 Rxc6 31. Rxb5 Rxc2 32. Rxd5 Rb8 33. Rxe5 Rbxb2 34. Rf5 g6 35. Rf4 Rb5 36. h4 h5 37. Ra4 Kf8 38. Re4 c6 39. Kg2 f6 40. Rf4 Ke7 41. g4 Ke6 42. gxh5 Rxh5 43. Ra1 Rb5 44. Kf3 Rbb2 45. Kg3 Rb5 46. Kf3 Kf7 47. Rg4 Rf5+ 48. Rf4 Rxf4+ 49. exf4 Rc4 50. Rxa5 Rxd4 51. Rc5 Rd6 52. f5 g5 53. hxg5 fxg5 54. Kg4 Kf6 55. Rc4 c5 56. Rxc5 Rd4+ 57. Kg3 Ra4 1/2-1/2

[Event "SUI-chT"]
[Site "Switzerland"]
[Date "2023.10.15"]
[Round "9.5"]
[White "Georgiadis, Ioannis"]
[Black "Georgescu, Lena"]
[Result "1-0"]
[WhiteElo "2470"]
[BlackElo "2285"]
[PlyCount "61"]
[EventDate "2023.04.16"]
[EventType "team-tourn"]
[EventRounds "9"]
[EventCountry "SUI"]
[SourceTitle "EXT 2025"]
[Source "ChessBase"]
[SourceDate "2024.10.14"]
[SourceVersion "1"]
[SourceVersionDate "2024.10.14"]
[SourceQuality "1"]
[WhiteTeam "Riehen"]
[BlackTeam "Winterthur"]
[WhiteTeamCountry "SUI"]
[BlackTeamCountry "SUI"]

1. c4 e6 2. Nf3 Nf6 3. g3 d5 4. Bg2 d4 5. 0-0 c5 6. e3 Nc6 7. exd4 cxd4 8. d3 Bd6 9. Na3 0-0 10. Nc2 e5 11. b4 a6 12. a4 Bg4 13. c5 Bc7 14. h3 Bh5 15. g4 Bg6 16. Nh4 Nd5 17. Nxg6 fxg6 18. Bd2 e4 19. b5 exd3 20. Ne1 axb5 21. axb5 Rxa1 22. Qxa1 Nce7 23. Qxd4 Bf4 24. Qxd3 Bxd2 25. Qxd2 Qd7 26. Nc2 Rd8 27. Rd1 Qxb5 28. Ne3 Qxc5 29. Nxd5 Nxd5 30. Bxd5+ Kh8 31. Qe3 1-0

[Event "SUI-chT"]
[Site "Switzerland"]
[Date "2023.04.30"]
[Round "2.6"]
[White "Georgiadis, Ioannis"]
[Black "Kohli, Thomas"]
[Result "1-0"]
[WhiteElo "2470"]
[BlackElo "2034"]
[PlyCount "135"]
[EventDate "2023.04.16"]
[EventType "team-tourn"]
[EventRounds "9"]
[EventCountry "SUI"]
[SourceTitle "EXT 2024"]
[Source "ChessBase"]
[SourceDate "2023.10.10"]
[SourceVersion "1"]
[SourceVersionDate "2023.10.10"]
[SourceQuality "1"]
[WhiteTeam "Riehen"]
[BlackTeam "Wollishofen"]
[WhiteTeamCountry "SUI"]
[BlackTeamCountry "SUI"]

1. e4 c5 2. Nf3 g6 3. c3 Bg7 4. d4 cxd4 5. cxd4 d5 6. exd5 Nf6 7. Bb5+ Nbd7 8. d6 0-0 9. dxe7 Qxe7+ 10. Be2 Re8 11. Nc3 Nb6 12. 0-0 Nfd5 13. Nxd5 Nxd5 14. Bb5 Rd8 15. Bg5 f6 16. Bd2 Qd6 17. Re1 Be6 18. Rc1 Rac8 19. Qe2 Bf7 20. Ba5 Rf8 21. a3 a6 22. Ba4 Bh6 23. Bd2 Bg7 24. Qd3 Rfd8 25. Bb3 Bf8 26. g3 Qd7 27. Ba5 b6 28. Bd2 a5 29. Nh4 Qb7 30. Qf3 Bg7 31. Ng2 Qd7 32. Qd3 f5 33. Rxc8 Rxc8 34. Nh4 Nf6 35. Nf3 Bxb3 36. Qxb3+ Qd5 37. Qd3 Ne4 38. Rc1 Rd8 39. Bf4 Nc5 40. Qc4 Qxc4 41. Rxc4 Ne6 42. Be5 b5 43. Rc6 Nxd4 44. Bxd4 Bxd4 45. Nxd4 Rxd4 46. Rc5 b4 47. Rxa5 bxa3 48. bxa3 Kf7 49. Kg2 Rd3 50. h4 Kf6 51. Ra6+ Kg7 52. Ra7+ Kf6 53. a4 Ra3 54. a5 h5 55. Ra6+ Kf7 56. Ra8 Kg7 57. a6 Kf7 58. Kf1 Ra2 59. Ke1 Kg7 60. f4 Kf7 61. Kd1 Kg7 62. Kc1 Rg2 63. Rc8 Ra2 64. Rc6 Kf7 65. Kb1 Ra5 66. Kb2 Ra4 67. Kb3 Ra1 68. Kb4 1-0

[Event "Oberliga Baden 2223"]
[Site "Germany"]
[Date "2023.01.15"]
[Round "5.2"]
[White "Georgiadis, Ioannis"]
[Black "Farmani Anosheh, Yasha"]
[Result "1/2-1/2"]
[WhiteElo "2466"]
[BlackElo "2131"]
[PlyCount "51"]
[EventDate "2022.09.18"]
[EventType "team-tourn"]
[EventRounds "9"]
[EventCountry "GER"]
[SourceTitle "EXT 2024"]
[Source "ChessBase"]
[SourceDate "2023.10.10"]
[SourceVersion "1"]
[SourceVersionDate "2023.10.10"]
[SourceQuality "1"]
[WhiteTeam "Brombach"]
[BlackTeam "Ladenburg"]
[WhiteTeamCountry "GER"]
[BlackTeamCountry "GER"]

1. Nf3 d5 2. d4 Nf6 3. g3 c5 4. Bg2 cxd4 5. 0-0 e6 6. Nxd4 e5 7. Nb3 Be6 8. c4 Nc6 9. cxd5 Nxd5 10. Bd2 Be7 11. Nc3 0-0 12. Rc1 Rc8 13. Nxd5 Bxd5 14. Be3 Bxg2 15. Kxg2 Qxd1 16. Rfxd1 Rfd8 17. Rxd8+ Rxd8 18. Nc5 Bxc5 19. Rxc5 a6 20. a3 f5 21. f4 exf4 22. gxf4 g6 23. Rc1 Kf7 24. Kf3 Ke6 25. h4 h5 26. Rg1 1/2-1/2

[Event "Titled Tuesday intern op 18th Oct Late"]
[Site "Chess.com INT"]
[Date "2022.10.18"]
[Round "1"]
[White "Georgiadis, Ioannis"]
[Black "Rangel, Daniel"]
[Result "1/2-1/2"]
[WhiteElo "2467"]
[BlackElo "2220"]
[PlyCount "151"]
[EventDate "2022.10.18"]
[EventType "swiss (blitz)"]
[EventRounds "11"]
[EventCountry "USA"]
[SourceTitle "EXT 2024"]
[Source "ChessBase"]
[SourceDate "2023.10.10"]
[SourceVersion "1"]
[SourceVersionDate "2023.10.10"]
[SourceQuality "1"]

1. e4 c5 2. Nf3 g6 3. c3 Bg7 4. d4 cxd4 5. cxd4 d5 6. e5 Bg4 7. Nbd2 e6 8. h3 Bxf3 9. Nxf3 Ne7 10. Be2 0-0 11. 0-0 Nbc6 12. Re1 Qb6 13. Rb1 Nf5 14. Be3 Nxe3 15. fxe3 Bh6 16. Bf1 Rac8 17. b4 Ne7 18. g4 Rc3 19. Bd3 Rfc8 20. Kg2 Bg7 21. Re2 Nc6 22. Qd2 Nxb4 23. a3 Rxd3 24. Qxb4 Qxb4 25. Rxb4 b6 26. a4 Ra3 27. Kf2 Bf8 28. Rb1 Rxa4 29. e4 dxe4 30. Rxe4 Rc2+ 31. Kg3 Ra3 32. Rf4 Rcc3 33. g5 Be7 34. Kg4 Rab3 35. Rd1 a5 36. d5 exd5 37. Rxd5 Rb4 38. Rd7 Bc5 39. e6 Rxf4+ 40. Kxf4 fxe6 41. Ne5 Be3+ 42. Kg4 Bd4 43. Nf7 Bg7 44. Nh6+ Bxh6 45. gxh6 Rc4+ 46. Kg5 Rc5+ 47. Kf6 Rf5+ 48. Kxe6 a4 49. Rg7+ Kh8 50. Ra7 Ra5 51. Rb7 Ra8 52. Rxb6 a3 53. Rb1 a2 54. Ra1 Kg8 55. Ke7 Ra6 56. h4 Ra4 57. Ke8 Re4+ 58. Kd7 Kf7 59. Rxa2 Rxh4 60. Rf2+ Kg8 61. Ke7 Re4+ 62. Kf6 Re8 63. Ra2 Rf8+ 64. Ke7 Rb8 65. Ra7 Kh8 66. Kf6 Rf8+ 67. Ke7 Rg8 68. Kf6 g5 69. Rg7 g4 70. Kf7 Ra8 71. Rxg4 Ra7+ 72. Kf8 Ra8+ 73. Kf7 Ra7+ 74. Kf8 Ra8+ 75. Ke7 Ra7+ 76. Kf8 1/2-1/2

[Event "Titled Tuesday intern op 18th Oct Late"]
[Site "Chess.com INT"]
[Date "2022.10.18"]
[Round "3"]
[White "Georgiadis, Ioannis"]
[Black "Zeynalov, Rashad"]
[Result "1-0"]
[WhiteElo "2467"]
[BlackElo "2200"]
[PlyCount "125"]
[EventDate "2022.10.18"]
[EventType "swiss (blitz)"]
[EventRounds "11"]
[EventCountry "USA"]
[SourceTitle "EXT 2024"]
[Source "ChessBase"]
[SourceDate "2023.10.10"]
[SourceVersion "1"]
[SourceVersionDate "2023.10.10"]
[SourceQuality "1"]

1. Nf3 Nf6 2. d4 d5 3. c4 e6 4. g3 Be7 5. Bg2 0-0 6. 0-0 dxc4 7. Qc2 b5 8. a4 b4 9. Qxc4 Ba6 10. Qc2 Nbd7 11. Rd1 c5 12. dxc5 Bxc5 13. Bg5 Rc8 14. Qd2 Bxf2+ 15. Kxf2 Ne4+ 16. Ke1 Nxd2 17. Bxd8 Nxf3+ 18. Bxf3 Rfxd8 19. Nd2 Ne5 20. Rac1 Kf8 21. Nb3 Rxd1+ 22. Kxd1 Nc4 23. Rb1 Ke7 24. Ke1 e5 25. Be4 Nd6 26. Bd5 Rc2 27. Nd2 f5 28. Bb3 Rc7 29. Nf3 Kf6 30. Rd1 Nc4 31. Bxc4 Bxc4 32. Rd6+ Be6 33. Ra6 g5 34. Nxg5 Kxg5 35. Rxe6 Rc2 36. Rxe5 Rxb2 37. Ra5 Ra2 38. Rxa7 b3 39. Rb7 b2 40. Kf2 Rxa4 41. Rxb2 h5 42. Rb8 f4 43. Rg8+ Kh6 44. Kf3 fxg3 45. hxg3 Ra3+ 46. Kf4 Kh7 47. Rg5 Kh6 48. Rb5 Ra4+ 49. e4 Kg6 50. Rb6+ Kf7 51. Rh6 Ra5 52. e5 Ra4+ 53. Kf5 Rg4 54. Rh7+ Kg8 55. Rxh5 Rxg3 56. Kf6 Rf3+ 57. Ke7 Ra3 58. Rg5+ Kh7 59. e6 Kh6 60. Rg1 Ra7+ 61. Kf8 Ra8+ 62. Kf7 Ra2 63. Rf1 1-0

[Event "Titled Tuesday intern op 18th Oct Late"]
[Site "Chess.com INT"]
[Date "2022.10.18"]
[Round "4"]
[White "Georgiadis, Ioannis"]
[Black "Zierk, Steven C"]
[Result "0-1"]
[WhiteElo "2467"]
[BlackElo "2488"]
[PlyCount "70"]
[EventDate "2022.10.18"]
[EventType "swiss (blitz)"]
[EventRounds "11"]
[EventCountry "USA"]
[SourceTitle "EXT 2024"]
[Source "ChessBase"]
[SourceDate "2023.10.10"]
[SourceVersion "1"]
[SourceVersionDate "2023.10.10"]
[SourceQuality "1"]

1. e4 c6 2. d4 d5 3. exd5 cxd5 4. Bd3 Nc6 5. c3 Nf6 6. Bf4 Bg4 7. Qb3 Qd7 8. Ne2 Bxe2 9. Bxe2 e6 10. 0-0 Bd6 11. Be3 0-0 12. Nd2 a6 13. g3 b5 14. f4 b4 15. cxb4 Bxb4 16. Nf3 Ne4 17. Rac1 Rfb8 18. Qa4 Ne5 19. Qxd7 Nxd7 20. Rc2 a5 21. Rfc1 Bd6 22. Bd3 f5 23. a4 Rb3 24. Ne1 Bb4 25. Bxe4 Rxe3 26. Nd3 Rxe4 27. Nxb4 axb4 28. Rc8+ Rxc8 29. Rxc8+ Kf7 30. a5 Rxd4 31. a6 Rd1+ 32. Kf2 Ra1 33. Rc7 Ke7 34. a7 Kd6 35. Rb7 Kc6 0-1

[Event "Titled Tuesday intern op 11th Oct Late"]
[Site "Chess.com INT"]
[Date "2022.10.11"]
[Round "4"]
[White "Sowul, Bartosz"]
[Black "Georgiadis, Ioannis"]
[Result "0-1"]
[WhiteElo "2269"]
[BlackElo "2467"]
[PlyCount "72"]
[EventDate "2022.10.11"]
[EventType "swiss (blitz)"]
[EventRounds "11"]
[EventCountry "USA"]
[SourceTitle "EXT 2024"]
[Source "ChessBase"]
[SourceDate "2023.10.10"]
[SourceVersion "1"]
[SourceVersionDate "2023.10.10"]
[SourceQuality "1"]

1. e4 c6 2. d4 d5 3. exd5 cxd5 4. Nf3 Nc6 5. Bb5 Bg4 6. h3 Bh5 7. Nc3 e6 8. 0-0 Bd6 9. a4 Nge7 10. a5 a6 11. Ba4 0-0 12. Be3 Nxa5 13. g4 Bg6 14. Ne5 Nc4 15. Bf4 Nxb2 16. Qb1 Nxa4 17. Nxa4 b5 18. Nc5 Bxc5 19. dxc5 Qc8 20. Be3 Nc6 21. Nxc6 Qxc6 22. Qb2 f6 23. f4 Be4 24. Bd4 e5 25. fxe5 fxe5 26. Bxe5 Qxc5+ 27. Bd4 Qxc2 28. Rxf8+ Kxf8 29. Bxg7+ Kg8 30. Rc1 Qxb2 31. Bxb2 a5 32. h4 b4 33. g5 a4 34. h5 a3 35. Bd4 b3 36. g6 b2 0-1

[Event "Titled Tuesday intern op 11th Oct Late"]
[Site "Chess.com INT"]
[Date "2022.10.11"]
[Round "7"]
[White "Yurovskich, Oleksandr"]
[Black "Georgiadis, Ioannis"]
[Result "1/2-1/2"]
[WhiteElo "2328"]
[BlackElo "2467"]
[PlyCount "89"]
[EventDate "2022.10.11"]
[EventType "swiss (blitz)"]
[EventRounds "11"]
[EventCountry "USA"]
[SourceTitle "EXT 2024"]
[Source "ChessBase"]
[SourceDate "2023.10.10"]
[SourceVersion "1"]
[SourceVersionDate "2023.10.10"]
[SourceQuality "1"]

1. d4 Nf6 2. Nf3 e6 3. Bf4 c5 4. c3 d5 5. e3 Nc6 6. Nbd2 cxd4 7. exd4 Nh5 8. Be3 Bd6 9. Ne5 g6 10. f4 0-0 11. Be2 Ng7 12. 0-0 f6 13. Nd3 b6 14. g3 a5 15. a4 Ne7 16. Nf3 Ba6 17. Bf2 Qd7 18. Nc1 Bxe2 19. Qxe2 h5 20. Nd3 Rae8 21. Be3 Ngf5 22. Bd2 Nc6 23. Kg2 Re7 24. Rae1 Rfe8 25. b3 Bc7 26. Bc1 Nd6 27. Ba3 Rg7 28. Bxd6 Bxd6 29. h3 Nd8 30. g4 Qc7 31. Qd2 Nf7 32. g5 fxg5 33. fxg5 Kh7 34. Nfe5 Bxe5 35. Nxe5 Nd6 36. Qe3 Nf5 37. Qd3 Rc8 38. Rc1 Qb7 39. Rc2 Rgc7 40. Rfc1 Kg7 41. Kh2 Qa8 42. Rf1 Qb7 43. Rfc1 Qa8 44. Rf1 Qb7 45. Rfc1 1/2-1/2

[Event "SUI-chT"]
[Site "Switzerland"]
[Date "2021.12.12"]
[Round "9.3"]
[White "Edouard, Romain"]
[Black "Georgiadis, Ioannis"]
[Result "1-0"]
[WhiteElo "2594"]
[BlackElo "2487"]
[PlyCount "119"]
[EventDate "2021.08.29"]
[EventType "team-tourn"]
[EventRounds "9"]
[EventCountry "SUI"]
[SourceTitle "EXT 2023"]
[Source "ChessBase"]
[SourceDate "2022.10.05"]
[SourceVersion "1"]
[SourceVersionDate "2022.10.05"]
[SourceQuality "1"]
[WhiteTeam "Geneve"]
[BlackTeam "Riehen"]
[WhiteTeamCountry "SUI"]
[BlackTeamCountry "SUI"]

1. c4 e6 2. Nc3 Bb4 3. e4 Ne7 4. d4 0-0 5. a3 Bxc3+ 6. bxc3 d5 7. cxd5 exd5 8. e5 f6 9. exf6 Rxf6 10. Be2 Nbc6 11. Nf3 h6 12. 0-0 Ng6 13. Re1 Qd6 14. g3 Bh3 15. a4 Re8 16. Bb5 Rfe6 17. Ba3 Rxe1+ 18. Nxe1 Qe6 19. Ng2 Bg4 20. f3 Bh3 21. Ra2 Qf7 22. Re2 a6 23. Rxe8+ Qxe8 24. Bd3 Bxg2 25. Kxg2 Na5 26. Qb1 Nf8 27. Qb4 b6 28. Bxa6 Ne6 29. Bd3 Qf7 30. Qb2 Ng5 31. Qe2 Qd7 32. f4 Ne4 33. Bxe4 dxe4 34. Qxe4 Qxa4 35. Qe6+ Kh7 36. Bf8 Qc2+ 37. Kh3 Qg6 38. f5 Qh5+ 39. Kg2 Nc6 40. f6 Nd8 41. Qe4+ Kg8 42. Bxg7 Nf7 43. h4 Nd6 44. Qe6+ Kh7 45. Bf8 Nf5 46. Qe5 Qg4 47. Kf2 Qh3 48. f7 Kg6 49. Ba3 Kxf7 50. Qxc7+ Kg8 51. Qc8+ Kh7 52. Qb7+ Kg6 53. Qc6+ Kg7 54. Qg2 Qg4 55. Qf3 Qh3 56. Bc1 Nd6 57. Bxh6+ Kxh6 58. Qf6+ Kh7 59. Qe7+ Kh8 60. Qxd6 1-0

[Event "SUI-chT"]
[Site "Switzerland"]
[Date "2021.11.07"]
[Round "7.3"]
[White "Georgiadis, Ioannis"]
[Black "Bogner, Sebastian"]
[Result "0-1"]
[WhiteElo "2487"]
[BlackElo "2581"]
[PlyCount "66"]
[EventDate "2021.08.29"]
[EventType "team-tourn"]
[EventRounds "9"]
[EventCountry "SUI"]
[SourceTitle "EXT 2023"]
[Source "ChessBase"]
[SourceDate "2022.10.05"]
[SourceVersion "1"]
[SourceVersionDate "2022.10.05"]
[SourceQuality "1"]
[WhiteTeam "Riehen"]
[BlackTeam "Reti"]
[WhiteTeamCountry "SUI"]
[BlackTeamCountry "SUI"]

1. e4 e5 2. Nf3 Nf6 3. Nxe5 d6 4. Nf3 Nxe4 5. Nc3 Nf6 6. d4 Be7 7. h3 0-0 8. Bd3 b6 9. 0-0 Bb7 10. Re1 Re8 11. d5 a6 12. Bf4 b5 13. a3 Nbd7 14. Nd4 Bf8 15. Nc6 Rxe1+ 16. Qxe1 Qc8 17. Bg5 h6 18. Bh4 Nxd5 19. Nxd5 Bxc6 20. Qe4 g6 21. Nf6+ Nxf6 22. Qxc6 Nd7 23. f4 Nc5 24. Be2 Rb8 25. Bf2 Qf5 26. Bxc5 dxc5 27. Qxc7 Rc8 28. g4 Qe6 29. Qe5 Qc6 30. Rf1 Bg7 31. Qe7 Bf6 32. Qa7 Ra8 33. Bf3 Qxf3 0-1

[Event "World Corporate East E"]
[Site "Chess.com INT"]
[Date "2021.02.20"]
[Round "6.5"]
[White "Georgiadis, Ioannis"]
[Black "Vaisser, Anatoli"]
[Result "0-1"]
[WhiteElo "2487"]
[BlackElo "2501"]
[PlyCount "128"]
[EventDate "2021.02.19"]
[EventType "team (rapid)"]
[EventRounds "7"]
[EventCountry "USA"]
[SourceTitle "EXT 2022"]
[Source "ChessBase"]
[SourceDate "2021.10.06"]
[SourceVersion "1"]
[SourceVersionDate "2021.10.06"]
[SourceQuality "1"]
[WhiteTeam "Credit Suisse"]
[BlackTeam "Kaissa Consulting"]
[WhiteTeamCountry "SUI"]
[BlackTeamCountry "FRA"]

1. e4 e6 2. d4 d5 3. Nd2 c5 4. exd5 exd5 5. Ngf3 Nc6 6. Bb5 cxd4 7. 0-0 Bd6 8. Re1+ Nge7 9. Nb3 0-0 10. Nbxd4 Bg4 11. Be2 Qb6 12. Be3 Qxb2 13. Rb1 Qxa2 14. Nb5 Bxf3 15. Bxf3 Be5 16. Bc5 Bf6 17. Nc7 Rad8 18. Rxb7 Qc4 19. Bxe7 Nxe7 20. Qd3 Qxd3 21. cxd3 a5 22. Rb5 a4 23. Nxd5 Nxd5 24. Bxd5 a3 25. Re2 Bb2 26. Bc4 g6 27. g3 Ra8 28. Rexb2 axb2 29. Rxb2 Ra7 30. Kg2 Rd8 31. h4 Kg7 32. Re2 Kf6 33. Rb2 Rd6 34. Kf3 Ke5 35. Ke3 Re7 36. Rb5+ Kf6+ 37. Kf3 h5 38. Rb2 Rdd7 39. Rb6+ Ke5 40. Ke3 Kf5+ 41. Kf3 f6 42. Rb5+ Re5 43. Rb8 g5 44. hxg5 fxg5 45. Rf8+ Kg6 46. Rg8+ Rg7 47. Rxg7+ Kxg7 48. Kg2 Kf6 49. Kf3 Re1 50. Kg2 Re8 51. Bd5 Ke5 52. Bf3 Rh8 53. Be4 g4 54. Kh2 Rf8 55. Kg2 Rf6 56. Kg1 Kd4 57. Kg2 Kc3 58. f3 Kd2 59. Kf2 gxf3 60. Bxf3 Kxd3 61. Kg2 Rh6 62. Kh3 Ke3 63. Kg2 h4 64. gxh4 Rg6+ 0-1

[Event "Oberliga Baden 1920"]
[Site "Baden"]
[Date "2020.02.09"]
[Round "6.1"]
[White "Georgiev, Kiril"]
[Black "Georgiadis, Ioannis"]
[Result "1-0"]
[WhiteElo "2591"]
[BlackElo "2479"]
[PlyCount "83"]
[EventDate "2019.09.29"]
[EventType "team-tourn"]
[EventRounds "9"]
[EventCountry "GER"]
[SourceTitle "CBM 195 Extra"]
[Source "ChessBase"]
[SourceDate "2020.05.31"]
[SourceVersion "1"]
[SourceVersionDate "2020.05.31"]
[SourceQuality "1"]
[WhiteTeam "Oetigheim"]
[BlackTeam "Brombach"]
[WhiteTeamCountry "GER"]
[BlackTeamCountry "GER"]

1. Nf3 Nf6 2. c4 e6 3. Nc3 Bb4 4. Qb3 c5 5. a3 Ba5 6. g3 0-0 7. Bg2 Nc6 8. 0-0 d6 9. d3 Rb8 10. Rd1 h6 11. d4 cxd4 12. Nxd4 Nxd4 13. Rxd4 e5 14. Rd1 Bxc3 15. Qxc3 Qc7 16. Qd3 Rd8 17. b3 b6 18. Bb2 Bb7 19. e4 Bc6 20. a4 Qb7 21. f3 a6 22. Ba3 Ne8 23. Bb4 b5 24. cxb5 axb5 25. a5 d5 26. exd5 Qa7+ 27. Kh1 Rxd5 28. Qc3 Qa8 29. Rxd5 Bxd5 30. Re1 Rc8 31. Qd3 Nf6 32. Bc3 Bxb3 33. Rxe5 Bc4 34. Qd2 Bd5 35. Re3 Rc4 36. h3 Qc6 37. Rd3 Be6 38. Rd8+ Kh7 39. Qd3+ Ne4 40. Bd2 Bf5 41. fxe4 Bxe4 42. Rd6 1-0

[Event "EU-Cup 35th"]
[Site "Ulcinj"]
[Date "2019.11.16"]
[Round "7.9"]
[White "Miljkovic, Miroslav D"]
[Black "Georgiadis, Ioannis"]
[Result "1/2-1/2"]
[WhiteElo "2496"]
[BlackElo "2491"]
[PlyCount "85"]
[EventDate "2019.11.10"]
[EventType "team-swiss"]
[EventRounds "7"]
[EventCountry "MNE"]
[SourceTitle "CBM 193 Extra"]
[Source "ChessBase"]
[SourceDate "2020.01.31"]
[SourceVersion "1"]
[SourceVersionDate "2020.01.31"]
[SourceQuality "1"]
[WhiteTeam "Sloven Ruma"]
[BlackTeam "Riehen SG"]
[WhiteTeamCountry "SRB"]
[BlackTeamCountry "SUI"]

1. d4 Nf6 2. c4 e6 3. Nc3 Bb4 4. e3 0-0 5. Nf3 c5 6. Bd3 d5 7. 0-0 dxc4 8. Bxc4 Nbd7 9. Qe2 a6 10. a4 b6 11. Rd1 Bb7 12. dxc5 Bxc5 13. h3 Qc7 14. Ne1 Ne5 15. Bb3 Rfd8 16. Rxd8+ Rxd8 17. Bd2 h5 18. Rd1 h4 19. Bc1 Rxd1 20. Bxd1 Bb4 21. Bd2 Qd6 22. Nc2 Bc5 23. Ne1 Bb4 24. Nc2 Bc5 25. Ne1 a5 26. Nb5 Qd5 27. Bc3 Ne4 28. Bc2 g6 29. Bxe4 Qxe4 30. Qd1 Bd5 31. Nc7 Kf8 32. Nxd5 exd5 33. Bxe5 Qxe5 34. Nd3 Qe4 35. b3 d4 36. Nxc5 bxc5 37. Qc1 Qe7 38. Qd2 dxe3 39. fxe3 Qe5 40. Kf2 Qg3+ 41. Kf1 Qe5 42. Ke2 Qe4 43. Kf2 1/2-1/2